书目信息 |
| 题名: |
直流稳压电源
|
|
| 作者: | 彭日知 编 | |
| 分册: | ||
| 出版信息: | 北京 高等教育出版社 1982 |
|
| 页数: | 126页 | |
| 开本: | 19cm | |
| 丛书名: | 电子技术教学小丛书 | |
| 单 册: | ||
| 中图分类: | TH44 | |
| 科图分类: | ||
| 主题词: | 鼓风机 | |
| 电子资源: | ||
| ISBN: | ||
| 000 | 00611nam0 2200229 45 | |
| 001 | 0405201721 | |
| 005 | 20040520173159.6 | |
| 010 | @dCNY0.53 | |
| 091 | @a15010.0418 | |
| 100 | @a20040520d1982 km y0chiy0120 ea | |
| 101 | 0 | @achi |
| 105 | @a z 000yy | |
| 200 | 1 | @a直流稳压电源@AZhi Liu Wen Ya Dian Yuan@f彭日知编@FPeng Ri Zhi Bian |
| 210 | @a北京@c高等教育出版社@d1982 | |
| 215 | @a126页@d19cm | |
| 225 | @a电子技术教学小丛书 | |
| 410 | @12001 @a电子技术教学小丛书 | |
| 606 | 0 | @a鼓风机 |
| 690 | @aTH44@v3 | |
| 701 | 0 | @a彭日知@4编 |
| 801 | @aCN@bPftUser@c20040520 | |
| 905 | @f1@b107558@dTH44@e10 | |
| 直流稳压电源/彭日知编.-北京:高等教育出版社,1982 |
| 126页;19cm.-(电子技术教学小丛书) |
| ISBN :CNY0.53 |
| ● |
| 相关链接 |
|
|
|
|
正题名:直流稳压电源
索取号:TH44/10
 
预约/预借
| 序号 | 登录号 | 条形码 | 馆藏地/架位号 | 状态 | 备注 |
| 1 | 0107558 | 001344539 | 第三借阅区/ [索取号:TH44/10] | 在馆 |